| 000 | 01694pam a2200457 i 4500 | ||
|---|---|---|---|
| 001 | 1514891471 | ||
| 003 | DLC | ||
| 005 | 20260402161258.0 | ||
| 007 | t| | ||
| 008 | 251024s2026 nyu d 000 1 eng | ||
| 010 | _a 2025020614 | ||
| 020 |
_a9781250873101 _qhardback |
||
| 035 | _a(OCoLC)1514891471 | ||
| 040 |
_aDLC _beng _erda _cDLC _dDLC-MRC _dTnLvILS |
||
| 042 |
_apcc _acyac |
||
| 100 | 1 |
_aChokshi, Roshani, _eauthor. _4aut. _4http://id.loc.gov/vocabulary/ relators/aut |
|
| 245 | 1 | 4 |
_aThe swan's daughter : _ba possibly doomed love story / _cRoshani Chokshi. |
| 250 | _aFirst edition. | ||
| 300 |
_a400 pages ; _c22 cm. |
||
| 520 | _aEighteen-year-old Prince Arris hopes to escape the cursed fate of his predecessors--each of whom dies shortly after marriage,--so he strikes a deal with Demelza, a seventeen-year-old veritas swan maiden who can separate truth from lies. | ||
| 521 |
_aAges 13-18. _bWednesday Books. |
||
| 650 | 0 |
_aPrinces _vJuvenile fiction. |
|
| 650 | 0 |
_aContests _vJuvenile fiction. |
|
| 650 | 0 |
_aMarriage _vJuvenile fiction. _92700 |
|
| 650 | 0 |
_aBlessing and cursing _vJuvenile fiction. |
|
| 650 | 0 |
_aTruthfulness and falsehood _vJuvenile fiction. _936815 |
|
| 650 | 0 |
_aSwans _vJuvenile fiction. _955645 |
|
| 650 | 1 |
_aPrinces _vFiction. |
|
| 650 | 1 |
_aContests _vFiction. |
|
| 650 | 1 |
_aMarriage _vFiction. _94650 |
|
| 650 | 1 |
_aBlessing and cursing _vFiction. |
|
| 650 | 1 |
_aHonesty _vFiction. _94677 |
|
| 650 | 1 |
_aSwans _vFiction. _955646 |
|
| 650 | 1 | _aFantasy | |
| 650 | 1 |
_aRomance stories _942809 |
|
| 655 | 7 |
_aFantasy fiction. _2lcgft |
|
| 655 | 7 |
_aRomance fiction. _2lcgft |
|
| 655 | 7 |
_aNovels. _2lcgft |
|
| 907 | _a.b513961148 | ||
| 942 |
_2ddc _cBK |
||
| 999 |
_c129591 _d129591 |
||